Los Costos y beneficios de la liberalización comercial /

שמור ב:
מידע ביבליוגרפי
מחבר ראשי: McCalman, Phil
מחברים אחרים: Tang, M.K
פורמט: Texto
נושאים:
תגים: הוספת תג
אין תגיות, היה/י הראשונ/ה לתייג את הרשומה!

MARC

LEADER 00000 a a2200000 04500
001 8138
003
040
100 |a McCalman, Phil  
245 |a Los Costos y beneficios de la liberalización comercial /  |c Phil McCalman ; M.K. Tang 
650 |a LIBRE COMERCIO  
650 |a POLITICA COMERCIAL  
650 |a LIBERALIZACION ECONOMICA  
700 |a Tang, M.K.  
773 |g volumen 35, número 9; páginas 136-137  
999 |c 31068  |d 31068